भारत के विशेष धर्मों का अध्ययन / (Record no. 40263)

MARC details
000 -LEADER
fixed length control field 01266nam a22002417a 4500
005 - DATE AND TIME OF LATEST TRANSACTION
control field 2010080900210.0
010 ## - LCCN (DPL NO)
LC control number HIN-90074
020 ## - INTERNATIONAL STANDARD BOOK NUMBER
Terms of availability 100.00
International Standard Book Number 9788190706094
035 ## - SYSTEM CONTROL NUMBER
System control number HN-62420
037 ## - SOURCE OF ACQUISITION
Source of stock number/acquisition DBAD / PUB
082 ## - DEWEY DECIMAL CLASSIFICATION NUMBER
Classification number 230
100 ## - MAIN ENTRY--PERSONAL NAME
Personal name रज़ी अहमद कमाल
245 ## - TITLE STATEMENT
Title भारत के विशेष धर्मों का अध्ययन /
Statement of responsibility, etc रज़ी अहमद कमाल;मुहम्मद राशिद़ द्वारा अनुवादित
246 ## - VARYING FORM OF TITLE
Title proper/short title Bharat Ke Vishesh Dharmon Ka Adhyayan
Remainder of title by Razi Ahmed Kamal;Translated by Muhammad Rashid
260 ## - PUBLICATION, DISTRIBUTION, ETC. (IMPRINT)
Place of publication, distribution, etc नई दिल्ली
Name of publisher, distributor, etc अल हसनात बुक्स
Date of publication, distribution, etc 2009
270 ## - ADDRESS
Address 3004/2, सर सय्यद अहमद रोड़, दरियागंज
City नई दिल्ली
Postal code 110002
Telephone number 011-23271845, 41563256
Electronic mail address alhasanatbooks@rediffmail.com
300 ## - PHYSICAL DESCRIPTION
Extent 160पृ
Dimensions 22सेमी (अजिल्द)
700 ## - ADDED ENTRY--PERSONAL NAME
9 (RLIN) 7228
Personal name मुहम्मद राशिद़
700 ## - ADDED ENTRY--PERSONAL NAME
9 (RLIN) 7267
700 ## - ADDED ENTRY--PERSONAL NAME
9 (RLIN) 7698
942 ## - ADDED ENTRY ELEMENTS (KOHA)
Institution code [OBSOLETE] dpl
Item type Hindi Books
Call number prefix
Source of classification or shelving scheme Dewey Decimal Classification
Call number suffix रज़ीअ
Classification part 230
Holdings
Withdrawn status Lost status Not for loan Collection code Home library Current library Date acquired Source of acquisition Cost, normal purchase price Full call number Barcode Copy number Cost, replacement price Koha item type
    Not For Loan Non-fiction D.B.Act.Division D.B.Act.Division 09/08/2010 DBAD / PUB 100.00 230 रज़ीअ HN-62420 1 100.00 Hindi Books

© Delhi Public Library
Hit Counter
free hit counter